Alle EU-Länderformen - Statistiken

Allgemein
  • Dieses Quiz wurde 52 mal gespielt
  • Das Durchschnittsergebnis liegt bei 21 aus 27
Antwortstatistiken
Bildquiz Antwort % Korrekt
Griechenland
100%
Deutschland
98%
Italien
98%
Kroatien
95%
Frankreich
93%
Zypern
93%
Österreich
91%
Schweden
89%
Finnland
86%
Portugal
86%
Spanien
84%
Dänemark
82%
Polen
80%
Belgien
75%
Lettland
75%
Irland
73%
Niederlande
73%
Rumänien
73%
Slowakei
73%
Malta
70%
Ungarn
70%
Bulgarien
68%
Estland
66%
Litauen
66%
Tschechien
66%
Luxemburg
61%
Slowenien
61%
Keine übereinstimmenden Quizze gefunden
Verteilung der Resultate
Anzahl Personen mit jedem Resultat
Perzentil nach korrekt beantworteten Fragen
Ihre Resultats-Entwicklung
Sie haben dieses Quiz noch nicht gespielt